Acharya buddhaghosha (Record no. 1396016)

MARC details
000 -LEADER
fixed length control field 00644nam a2200253Ia 4500
008 - FIXED-LENGTH DATA ELEMENTS--GENERAL INFORMATION
fixed length control field 160716s9999||||xx |||||||||||||| ||und||
040 ## - CATALOGING SOURCE
Transcribing agency Hindi
082 ## - DEWEY DECIMAL CLASSIFICATION NUMBER
Classification number vii.A (author) buddhaghosha
082 ## - DEWEY DECIMAL CLASSIFICATION NUMBER
Item number BORI-45086
245 ## - TITLE STATEMENT
Title Acharya buddhaghosha
245 ## - TITLE STATEMENT
Remainder of title Ek samikshatmak adhyayan
260 ## - PUBLICATION, DISTRIBUTION, ETC. (IMPRINT)
Place of publication, distribution, etc Varanasi
260 ## - PUBLICATION, DISTRIBUTION, ETC. (IMPRINT)
Name of publisher, distributor, etc "Bhikshu M. sanghratna, mantri, mahabodhi sabha"
300 ## - PHYSICAL DESCRIPTION
Extent 41
300 ## - PHYSICAL DESCRIPTION
Dimensions C
300 ## - PHYSICAL DESCRIPTION
Accompanying material Hardbound
530 ## - ADDITIONAL PHYSICAL FORM AVAILABLE NOTE
Availability source chauhan D. V.
530 ## - ADDITIONAL PHYSICAL FORM AVAILABLE NOTE
Uniform Resource Identifier <a href="00045107.pdf">00045107.pdf</a>
630 ## - SUBJECT ADDED ENTRY--UNIFORM TITLE
Uniform title Acharya buddhaghosha
650 ## - SUBJECT ADDED ENTRY--TOPICAL TERM
Topical term or geographic name as entry element Author
650 ## - SUBJECT ADDED ENTRY--TOPICAL TERM
Topical term or geographic name as entry element Classical lit.
730 ## - ADDED ENTRY--UNIFORM TITLE
Uniform title Acharya buddhaghosha
942 ## - ADDED ENTRY ELEMENTS (KOHA)
Koha item type Book

No items available.